LEADER 04725nam 2200493 450 001 9910466765603321 005 20190826145055.0 010 $a90-04-37568-6 024 7 $a10.1163/9789004375680 035 $a(CKB)4100000005880270 035 $a(MiAaPQ)EBC5555041 035 $a(nllekb)BRILL9789004375680 035 $a(Au-PeEL)EBL5555041 035 $a(OCoLC)1048027052 035 $a(EXLCZ)994100000005880270 100 $a20181023d2018 uy 101 0 $ager 135 $aurcnu|||||||| 181 $ctxt$2rdacontent 182 $cc$2rdamedia 183 $acr$2rdacarrier 200 00$aDas Nichts und das Sein, $eBuddhistische Wissenstheorien und Transzendentalphilosophie 210 31$aLeiden, $aBoston: $cBrill, $d2018. 215 $a1 online resource (338 pages) 225 1 $aFichte-Studien ;$vBand 46 311 $a90-04-37567-8 327 $tFront Matter -- $tInhaltsverzeichnis /$rHelmut Girndt -- $tDas Nichts und das Sein: Buddhistische Wissenstheorie und Transzendentalphilosophie /$rHelmut Girndt -- $tGeleitwort /$rOmine Akira -- $tVorbemerkungen des Herausgebers /$rHelmut Girndt -- $tÜber abendländische Verständnisgrundlagen des mahayana-buddhistischen Denkens /$rLutz Geldsetzer -- $tSubjektivität und Transzendenz im Anattav?da /$rMartin Bunte -- $tDas Sein bei Fichte und die Leere im Mahayana-Buddhismus /$rOmine Akira -- $tFichtes Philosophie des Seins und N?g?rjunas Philosophie der Leere /$rHelmut Girndt -- $tDer präreflexive Grund des Bewusstseins: Eine transzendentalphilosophische Interpretation N?g?rjunas /$rFabian Völker -- $tFichte und Nishida: Das Absolute und das absolute Nichts /$rHitoshi Minobe -- $tAuf Nichts gebaut: Zum logischen Kern von Nishida Kitar?s Philosophie /$rRaji C. Steineck -- $tWissen und Leben im Selbstsein /$rKunihiko Nagasawa -- $tLeib und Handeln im Buddhismus: Erlösung durch Selbstgewahrung /$rKatsuki Hayashi -- $tDer Weg des Wissens, Vijñ?nav?da und die Transzendentalphilosophie Fichtes /$rHelmut Girndt -- $tBuddhistische Unbeständigkeitssicht und Nietzsches Nihilismus: Gemeinsamkeiten und Verschiedenheiten /$rKogaku Arifuku -- $tBeiträge zur theoretischen Philosophie /$rHelmut Girndt -- $tKnowing, Creating and Teaching: Fichte?s Conception of Philosophy as Wissenschaftslehre /$rLuis Fellipe Garcia -- $tReines und Absolutes Wissen in der Wissenschaftslehre 1804-II /$rValentin Pluder -- $tIst die theoretische Vernunft selbst eine Idee? Fichtes Umgang mit Kantischen Ideen um 1810 /$rMichael Lewin -- $tFichte über das Ich: Das Individuum und der überindividuelle Standpunkt in den Berliner Vorlesungen über die ?Thatsachen des Bewußtseyns? /$rJohannes Stoffers S.J. -- $tLag Henrich falsch? Eine Fichte-konforme Interpretation von Hölderlins ?Urteil und Sein? /$rSa?a Josifovi?. 330 $aDreißig Jahre kollegialer Beziehung zwischen der Japanischen und der Internationalen Fichte Gesellschaft haben im Band 46 der Fichte Studien ihren Ausdruck gefunden, einer Sammlung von Aufsätzen auf der Grundlage transzendentaler Philosophie (Kants, Fichtes und Husserls) und klassischer Texte des Mahayana Buddhismus (und der japanischen Kyoto Schule). Ohne unvereinbare Unterschiede zwischen westlichem und östlichem Denken zu leugnen, finden sie ihre Grundlage in prä-reflexiver Erkenntnis. Beitragende sind Kogaku Arifuko, Martin Bunte, Luis Fellipe Garcia, Lutz Geldsetzer, Helmut Girndt, Katsuki Hayashi, Sa?a Josifovi?, Michael Lewin, Hitoshi Minobe, Kunihiko Nagasawa, Akira Omine, Valentin Pluder, Raji C. Steineck, Johannes Stoffers und Fabian Völker. Thirty years of friendly connections between the Japanese Fichte Association and the International Fichte Society have found expression in volume 46 of Fichte Studien . It contains a collection of comparative studies between European and Japanese philosophy centered on transcendental philosophy (of Kant, Fichte and Husserl) and classical Mahayana Buddhism (plus Japan´s Kyoto school). Without denying irreconcilable differences between western and eastern thinking these essays demonstrate that western as well as eastern thinking is based on the universal ground of pre-reflexive cognition. 410 0$aFichte-Studien$v46. 606 $aTranscendentalism 606 $aKnowledge, Theory of (Buddhism) 606 $aMahayana Buddhism 608 $aElectronic books. 615 0$aTranscendentalism. 615 0$aKnowledge, Theory of (Buddhism) 615 0$aMahayana Buddhism. 676 $a141/.3 700 $aHelmut Girndt (Editor)$0984416 801 0$bNL-LeKB 801 1$bNL-LeKB 906 $aBOOK 912 $a9910466765603321 996 $aDas Nichts und das Sein$92248573 997 $aUNINA LEADER 03977nam 22006734a 450 001 9910143227303321 005 20170810191605.0 010 $a1-280-27213-9 010 $a9786610272136 010 $a0-470-66781-8 010 $a0-470-86803-1 010 $a0-470-86806-6 035 $a(CKB)111087027097518 035 $a(EBL)164855 035 $a(OCoLC)475873712 035 $a(SSID)ssj0000137989 035 $a(PQKBManifestationID)11146786 035 $a(PQKBTitleCode)TC0000137989 035 $a(PQKBWorkID)10096361 035 $a(PQKB)10183134 035 $a(MiAaPQ)EBC164855 035 $a(EXLCZ)99111087027097518 100 $a20030414d2003 uy 0 101 0 $aeng 135 $aur|n|---||||| 181 $ctxt 182 $cc 183 $acr 200 10$aDevelopment of the cardiac conduction system$b[electronic resource] 210 $aChichester, UK ;$aHoboken, NJ $cJ. Wiley$d2003 215 $a1 online resource (301 p.) 225 1 $aNovartis Foundation symposium ;$v250 300 $a"Symposium on Development of the Cardiac Conduction System, held at the Novartis Foundation, London, May 21-23, 2002"--P. v. 300 $aIncludes bibliographical references and index. 300 $a"Editors, Derek J. Chadwick (organizer) and Jamie Goode"--Contents p. 311 $a0-470-85035-3 320 $aIncludes bibliographical references and index. 327 $aDEVELOPMENT OF THE CARDIAC CONDUCTION SYSTEM; Contents; Participants; Chair's introduction; The morphology of the cardiac conduction system; Discussion; Development of the cardiac conduction system: a matter of chamber development; Discussion; Mouse models for cardiac conduction system development; Discussion; Developmental transitions in cardiac conduction; Discussion; Gap junctional connexins in developing mouse cardiac conduction system; Discussion; His-Purkinje lineages and development; Discussion; The role of neural crest and epicardium-derived cells in conduction system formation 327 $aDiscussionInduction and patterning of the Purkinje fibre network; Discussion; The oldest, toughest cells in the heart; Discussion; Transcriptional regulation in the mouse atrioventricular conduction system; Discussion; Patterning of the mouse conduction system; Discussion; Clinical pathology of the cardiac conduction system; Discussion; Cardiac conduction and arrhythmia: insights from Nkx2.5 mutations in mouse and humans; Discussion; The genetic origin of atrioventricular conduction disturbance in humans; Discussion 327 $aDefects in cardiac conduction system lineages and malignant arrhythmias: developmental pathways and diseaseDiscussion; Final general discussion; Index of contributors; Subject index 330 $aThe pacemaking and conduction system (PCS) is vital for generating and synchronizing the heart beat. Dysfunction of this system can be a direct cause of cardiac conduction disturbance, arrhythmias and sudden cardiac death. A wealth of information has been collected over many years on the unique histological, morphological and phenotypic characteristics of specialized cardiac tissues. The cellular and molecular mechanisms that govern development of the PCS are now starting to be understood. This book draws together contributions from an international and interdisciplinary group of experts w 410 0$aNovartis Foundation symposium ;$v250. 606 $aHeart conduction system$vCongresses 606 $aHeart$xGrowth$vCongresses 608 $aElectronic books. 615 0$aHeart conduction system 615 0$aHeart$xGrowth 676 $a612.1/71 676 $a612.17 701 $aChadwick$b Derek$091632 701 $aGoode$b Jamie$0283336 712 02$aNovartis Foundation. 801 0$bMiAaPQ 801 1$bMiAaPQ 801 2$bMiAaPQ 906 $aBOOK 912 $a9910143227303321 996 $aDevelopment of the cardiac conduction system$92296635 997 $aUNINA